Normal view
MARC view
- XML-DOCUMENT MARKUP LANGUAGE ELECTRONIC COMMERCE E-COMMERCE APPLICATIONS
Entry Topical Term
001 - CONTROL NUMBER
- control field: 56414
003 - CONTROL NUMBER IDENTIFIER
- control field: NUST
005 - DATE AND TIME OF LATEST TRANSACTION
- control field: 20210628201711.0
008 - FIXED-LENGTH DATA ELEMENTS
- fixed length control field: 210628|| aca||aabn | a|a d
040 ## - CATALOGING SOURCE
- Original cataloging agency: NUST
- Transcribing agency: NUST
150 ## - HEADING--TOPICAL TERM
- Topical term or geographic name entry element: XML-DOCUMENT MARKUP LANGUAGE ELECTRONIC COMMERCE E-COMMERCE APPLICATIONS
670 ## - SOURCE DATA FOUND
- Source citation: Work cat.: (NUST): Mcgrath, Sean 56413, Xml by example buliding e-commerce applications, 2000
